| 000 | 00872nas a2200289 4500 | ||
|---|---|---|---|
| 001 | BR0800568 | ||
| 003 | BR-BrBNA | ||
| 005 | 20231205111516.0 | ||
| 007 | ta | ||
| 008 | 230509b bl.|||p| |||| 00| 00por d | ||
| 040 |
_aBR-BrBNA _bpor _cBiblioteca Nacional de Agricultura |
||
| 041 | _a(En) | ||
| 072 | _aH10; E51; F50 | ||
| 100 | 1 | _aTordable, M.D.C. | |
| 100 | 1 | _aLorenzo, E. | |
| 100 | 1 | _aDoucet, M.E. | |
| 245 | 1 | _aHitopathology of Asgrow 5435 RG soybeanroots induced by Heterodera glycines race 1, in córdoba, Argentina | |
| 650 | _aHISTOLOGIA VEGETAL | ||
| 650 | _aRAIZ | ||
| 650 | _aNEMATÓIDE | ||
| 650 | _aSOJA | ||
| 650 | _aDENSIDADE DEMOGRÁFICA | ||
| 650 | _aARGENTINA | ||
| 773 | 0 |
_tNematologia Brasileira (Brazil) _xISSN 0102-2997 _g(2003), v. 27(1) p. 55-60 _wBR0800568 |
|
| 909 |
_a202311 _bLúcia _c55 _dLúcia Elande |
||
| 942 |
_2AGRIS _n0 _cANA |
||
| 999 |
_c193103 _d193103 |
||